Batman Arkham Knight Game Over Lines - Statistics

General Stats
  • This quiz has been taken 281 times
  • The average score is 22 of 31
Answer Stats
Hint Answer % Correct
"I won't let you down Bruce. I'll keep fighting. Always." Robin
98%
"Master Bruce. I hoped It would never end like this. Rest in peace." Alfred
96%
"I did it, Mr J! I did it for you!" Harley Quinn
95%
"I've sat through my own funeral already, now I have to go through the whole thing again?! Thanks for nothing!" Joker
94%
"They destroyed my plant, Batman. I can't stop them now." Poison-Ivy
90%
"This is the end, Dark Knight, you've nothing to be afraid of anymore." Scarecrow
90%
OG member of the 'Dynamic Duo' gone solo. Nightwing
89%
"Well would you look at that? A new stuffed head for my cigar room. Someone get me a hacksaw." Penguin
88%
The Dark Knight Batman
87%
"You never stood a chance, Batman. Not against this army. And not against me." Arkham Knight
86%
"I've been a bad girl Batman; let me go and I'll make it up to you." Catwoman
83%
Crippled. Oracle/Batgirl
83%
"Your death was inevitable, I'm afraid. A statistical certainty." Riddler
82%
"It's fate, Batman, don't try and fight it." Two-Face
80%
"Pyg happy, Pyg glad, Pyg gets to play with flesh, make it look pretty after death!" Professor Pyg
79%
"It's been a long rivalry, Bat. But this is the only way it could end." Deathstroke
78%
"There'll be nothing but a charred stump when I'm finished with you batman." Firefly
76%
Wayne Tech. Lucius Fox
74%
Jumpscare. Man-Bat
72%
"And the hunt for my successor goes on." Ra's Al Ghul
68%
"Everything you are, everything you have. It's all mine Bruce, all mine." Hush
67%
"I'll avenge you, Batman. You'd do the same for me." Mr. Freeze
66%
"Look back on this and you will find, how madness lurks in every mind." Mad Hatter
65%
"I hope you suffer Batman, like I've suffered." Killer Croc
63%
"Hallelujah! Hallelujah! Hallelujah! The wicked demon has been slain! Join me children and let us rejoice in his eternal damnation!" Deacon Blackfire
56%
"This is justice, this is what you deserve." Red Hood
56%
Commissioner. James Gordon
52%
"Do me a favour and die already. I got a business to run." Black Mask
43%
"It's been a blast!" Johnny Charisma
18%
"Dark days are here, Batman." Azarel
3%
"I gave you a chance, Bruce. A mistake." Nyssa Raatko
2%
No matching quizzes found
Score Distribution
Percent of People with Each Score
Percentile by Number Answered
Your Score History
You have not taken this quiz